000 00402 a2200157 4500
001 57709
020 _a
040 _cAnchieta - Pituba
100 _aWepman, Dennis
240 1 0 _aCortez
_lpor
245 1 0 _aCortez
300 _a87
362 0 _a1988
650 4 _aPessoas em literatura, história, biografia, genealogia (incluindo historiadores, escritores e críticos da literatura)
942 _cBK
999 _c57709
_d57709